| 000 | 02354nam a2200445 a 4500 | ||
|---|---|---|---|
| 003 | BLK | ||
| 005 | 20240130150156.0 | ||
| 008 | 180412b bul|||||r ||||||| ||bul|| | ||
| 010 | _aKNG00000432000 | ||
| 020 | _a954-420-114-9 | ||
| 040 | _aBLK | ||
| 041 |
_aBUL _cBUL |
||
| 080 |
_aМикробиология. Вж и 663 _b579 _x(075.8) _z579(075.8) |
||
| 100 | 1 |
_aТягуненко, Юрий Венедиктович _eпърви автор _9242064 |
|
| 139 |
_aМикробиология _bМ 54 |
||
| 245 | 1 | 0 |
_aМикробиология _bУчебник за студенти по медицина _cЮрий Венедиктович Тягуненко; Стефан Георгиев Дундаров; Гарабед Капрелян; Росица Маринова; Светослав Николов Петровски; Юлияна Владимирова Дочева; Руска Ст. Аврамова; Николай Цанев; Веселина Василева. |
| 257 | _aBGR | ||
| 260 |
_aСофия _bМедицина и физкултура _c1993 _fПерник : Полиграф |
||
| 300 |
_a416 с. _bс ил. _c24 см |
||
| 380 | _a5 | ||
| 500 | _aДруги авт.: С. Дундаров, Г. Капрелян, Р. Маринова, С. Петровски, Ю. Дочева, Р. Аврамова, Н. Цанев, В. Василева, П. Руневска. - 3 042 тир. | ||
| 650 | 4 |
_aМикробиология - учебници за ВУЗ _9242072 |
|
| 653 | _aмикробиология | ||
| 653 | _aучебници за ВУЗ | ||
| 700 | 1 |
_aДундаров, Стефан Георгиев _9242065 |
|
| 700 | 1 |
_aКапрелян, Гарабед _gХусебикян, Гарабед Капрелян _976202 |
|
| 700 | 1 |
_aМаринова, Росица _9242066 |
|
| 700 | 1 |
_aПетровски, Светослав Николов _9242067 |
|
| 700 | 1 |
_aДочева, Юлияна Владимирова _9242068 |
|
| 700 | 1 |
_aАврамова, Руска Ст. _9242069 |
|
| 700 | 1 |
_aЦанев, Николай _9242070 |
|
| 700 | 1 |
_aВасилева, Веселина _9242071 |
|
| 852 |
_aЦб 179902 _bЦб |
||
| 856 | 4 |
_qpdf _u |
|
| 856 | 4 |
_qpdf _u |
|
| 942 |
_cKNG _n0 _03 |
||
| 944 |
_aCR _c15.01.2003 _k30534 _lРадостина Карадакова |
||
| 944 |
_aED _c10.11.2004 |
||
| 999 |
_c275 _d275 |
||
| 999 | _d275 | ||